Top 1000 nba players of alltime based on stats - Statistics

General Stats
  • This quiz has been taken 621 times
    468 since last reset
  • The average score is 351 of 1000
Answer Stats
Rank Player PSP From To Team Pos % Correct
1 LeBron James 96673 2004 2025 CLE;MIA;LAL F-G
100%
9 Michael Jordan 63354 1985 2003 CHI;WAS G-F
97%
2 Kareem Abdul-Jabbar 81938 1970 1989 MIL;LAL C
95%
6 Kobe Bryant 65179 1997 2016 LAL G-F
94%
243 DeAndre Jordan 26018 2009 2025 LAC;DAL;NYK;BRK;LAL;PHI;DEN C
93%
12 Shaquille O'Neal 60716 1993 2011 ORL;LAL;MIA;PHO;CLE;BOS C
92%
4 Wilt Chamberlain 73495 1960 1973 PHW;SFW;PHI;LAL C
92%
17 Kevin Durant 58825 2008 2025 SEA;OKC;GSW;BRK;PHO F-G
91%
7 Tim Duncan 64377 1998 2016 SAS F-C
91%
30 Jerry West 50390 1961 1974 LAL G
90%
3 Karl Malone 74058 1986 2004 UTA;LAL F
90%
26 Stephen Curry 52458 2010 2025 GSW G
90%
179 David West 29473 2004 2018 NOH;NOK;IND;SAS;GSW F-C
89%
992 Delonte West 10264 2005 2012 BOS;CLE;SEA;DAL G
89%
910 Doug West 11431 1990 2001 MIN;VAN G-F
89%
655 Mark West 15324 1984 2000 DAL;CLE;MIL;PHO;DET;IND;ATL C-F
89%
21 Moses Malone 53914 1975 1995 BUF;HOU;PHI;WSB;ATL;MIL;SAS C-F
89%
416 Dell Curry 20916 1987 2002 UTA;CLE;CHH;MIL;TOR G
88%
964 Eddy Curry 10658 2002 2013 CHI;NYK;MIA;DAL C
88%
13 James Harden 60635 2010 2025 OKC;HOU;BRK;PHI;LAC G
88%
248 Jeff Malone 25948 1984 1996 WSB;UTA;PHI;MIA G
88%
19 Magic Johnson 56926 1980 1996 LAL G-F
88%
864 Mike James 12120 2002 2014 MIA;BOS;DET;HOU;MIL;TOR;MIN;NOH;WAS;CHI;DAL G
87%
8 Chris Paul 63429 2006 2025 NOK;NOH;LAC;HOU;OKC;PHO;GSW;SAS G
86%
16 Dirk Nowitzki 58949 1999 2019 DAL F-C
86%
5 John Stockton 66064 1985 2003 UTA G
86%
10 Russell Westbrook 63314 2009 2025 OKC;HOU;WAS;LAL;LAC;DEN G
86%
25 Larry Bird 52611 1980 1992 BOS F
85%
14 Hakeem Olajuwon 59811 1985 2002 HOU;TOR C
84%
24 Bill Russell 52659 1957 1969 BOS C
83%
11 Kevin Garnett 60960 1996 2016 MIN;BOS;BRK F-C
83%
423 Cazzie Russell 20678 1967 1978 NYK;GSW;LAL;CHI F-G
82%
679 Amir Johnson 14855 2006 2019 DET;TOR;BOS;PHI F-C
81%
862 Anthony Johnson 12134 1998 2010 SAC;ATL;ORL;CLE;NJN;IND;DAL G
81%
255 Avery Johnson 25793 1989 2004 SEA;DEN;SAS;HOU;GSW;DAL G
81%
685 Bryon Russell 14714 1994 2006 UTA;WAS;LAL;DEN F
81%
610 Campy Russell 16293 1975 1985 CLE;NYK F
81%
954 Clemon Johnson 10809 1979 1988 POR;IND;PHI;SEA C-F
81%
367 D'Angelo Russell 22060 2016 2025 LAL;BRK;GSW;MIN G
81%
65 Dennis Johnson 39203 1977 1990 SEA;PHO;BOS G
81%
151 Eddie Johnson 31796 1982 1999 KCK;SAC;PHO;SEA;CHH;IND;HOU F-G
81%
441 Eddie L. Johnson 20262 1978 1987 ATL;CLE;SEA G
81%
873 Ervin Johnson 11881 1994 2006 SEA;DEN;MIL;MIN C
81%
857 Frank Johnson 12156 1982 1994 WSB;HOU;PHO G
81%
644 George Johnson 15506 1973 1986 GSW;BUF;NJN;SAS;ATL;SEA C-F
81%
404 Gus Johnson 21339 1964 1973 BAL;PHO F-C
81%
782 James Johnson 13268 2010 2025 CHI;TOR;SAC;MEM;MIA;MIN;DAL;NOP;BRK;IND F
81%
15 Jason Kidd 59551 1995 2013 DAL;PHO;NJN;NYK G
81%
60 Joe Johnson 39986 2002 2022 BOS;PHO;ATL;BRK;MIA;UTA;HOU G-F
81%
275 John Johnson 24945 1971 1982 CLE;POR;HOU;SEA F
81%
110 Kevin Johnson 34618 1988 2000 CLE;PHO G
81%
316 Larry Johnson 23741 1992 2001 CHH;NYK F
81%
222 Marques Johnson 27213 1978 1990 MIL;LAC;GSW F-G
81%
232 Mickey Johnson 26772 1975 1986 CHI;IND;MIL;GSW;NJN F
81%
55 Nikola Jokic 41963 2016 2025 DEN C-F
81%
949 Ollie Johnson 10869 1973 1982 POR;KCO;NOJ;KCK;ATL;CHI;PHI F
81%
776 Steve Johnson 13355 1982 1991 KCK;CHI;SAS;POR;MIN;SEA;GSW C-F
81%
277 Vinnie Johnson 24913 1980 1992 SEA;DET;SAS G
81%
181 Klay Thompson 29383 2012 2025 GSW;DAL G-F
80%
569 Austin Carr 17068 1972 1981 CLE;DAL;WSB G
79%
590 Danny Green 16652 2010 2024 CLE;SAS;TOR;LAL;PHI;MEM G-F
79%
43 David Robinson 45056 1990 2003 SAS C
79%
152 Draymond Green 31777 2013 2025 GSW F
79%
48 Giannis Antetokounmpo 44118 2014 2025 MIL F-G
79%
935 Jason Thompson 11079 2009 2016 SAC;GSW;TOR F-C
79%
342 Jaylen Brown 22923 2017 2025 BOS F-G
79%
256 Jeff Green 25776 2008 2025 SEA;OKC;BOS;MEM;LAC;ORL;CLE;WAS;HOU;UTA;BRK;DEN F
79%
204 Mychal Thompson 27990 1979 1991 POR;LAL;SAS C-F
79%
33 Scottie Pippen 49859 1988 2004 CHI;HOU;POR F-G
79%
188 A.C. Green 28988 1986 2001 LAL;PHO;DAL;MIA F-C
78%
78 Clifford Robinson 37657 1990 2007 POR;PHO;DET;GSW;NJN F-C
78%
443 Cliff Robinson 20115 1980 1992 NJN;CLE;KCK;WSB;PHI;LAL F
78%
513 David Thompson 18300 1976 1984 DEN;SEA G-F
78%
702 Dee Brown 14456 1991 2002 BOS;TOR;ORL G
78%
34 Dwyane Wade 49075 2004 2019 MIA;CHI;CLE G
78%
872 Flynn Robinson 12007 1967 1974 CIN;CHI;MIL;LAL;BAL G
78%
240 Fred Brown 26151 1972 1984 SEA G
78%
896 Fred Roberts 11585 1984 1997 SAS;UTA;BOS;MIL;CLE;LAL;DAL F-C
78%
988 Gerald Green 10297 2006 2019 BOS;HOU;MIN;DAL;NJN;IND;PHO;MIA G-F
78%
297 Glenn Robinson 24338 1995 2005 MIL;ATL;PHI;SAS F
78%
290 Johnny Green 24555 1960 1973 NYK;BAL;PHI;SDR;CIN;KCO F-C
78%
484 LaSalle Thompson 18909 1983 1997 KCK;SAC;IND;PHI;DEN C-F
78%
805 Nate Robinson 12975 2006 2016 NYK;BOS;OKC;GSW;CHI;DEN;LAC;NOP G
78%
262 P.J. Brown 25442 1994 2008 NJN;MIA;CHH;NOH;NOK;CHI;BOS F-C
78%
315 Rickey Green 23762 1978 1992 GSW;DET;UTA;CHH;MIL;IND;PHI;BOS G
78%
913 Sidney Green 11417 1984 1993 CHI;DET;NYK;ORL;SAS;CHH F-C
78%
939 Si Green 11038 1957 1966 ROC;CIN;STL;CHP;CHZ;BAL;BOS G-F
78%
38 Steve Nash 47396 1997 2014 PHO;DAL;LAL G
78%
550 Tristan Thompson 17507 2012 2025 CLE;BOS;CHI;IND;SAC;LAL F-C
78%
296 Truck Robinson 24350 1975 1985 WSB;ATL;NOJ;PHO;NYK F-C
78%
998 Willie Green 10212 2004 2015 PHI;NOH;ATL;LAC;ORL G
78%
36 Carmelo Anthony 47843 2004 2022 DEN;NYK;OKC;HOU;POR;LAL F
77%
957 Eric Williams 10741 1996 2007 BOS;DEN;CLE;NJN;TOR;CHA;SAS F
77%
286 Herb Williams 24675 1982 1999 IND;DAL;NYK;TOR C-F
77%
358 Hot Rod Williams 22464 1987 1999 CLE;PHO;DAL F-C
77%
68 Julius Erving 38958 1972 1987 PHI F-G
77%
100 Kyrie Irving 35442 2012 2025 CLE;BOS;BRK;DAL G
77%
899 Micheal Williams 11561 1989 1999 DET;CHH;PHO;IND;MIN;TOR G
77%
815 Nate Williams 12783 1972 1979 CIN;KCO;NOJ;GSW F-G
77%
355 Ray Williams 22476 1978 1987 NYK;NJN;KCK;BOS;ATL;SAS G
77%
698 Reggie Williams 14540 1988 1997 LAC;CLE;SAS;DEN;IND;NJN F-G
77%
627 Walt Williams 15927 1993 2003 SAC;MIA;TOR;POR;HOU;DAL F-G
77%
74 Buck Williams 37811 1982 1998 NJN;POR;NYK F-C
76%
117 Deron Williams 34202 2006 2017 UTA;NJN;BRK;DAL;CLE G
76%
160 Gus Williams 30827 1976 1987 GSW;SEA;WSB;ATL G
76%
612 Jarrett Allen 16261 2018 2025 BRK;CLE C-F
76%
395 Jason Williams 21470 1999 2011 SAC;MEM;MIA;ORL G
76%
194 Lou Williams 28594 2006 2022 PHI;ATL;TOR;LAL;HOU;LAC G
76%
456 Lucius Allen 19628 1970 1979 SEA;MIL;LAL;KCK G
76%
202 Luka Doncic 28088 2019 2025 DAL;LAL G-F
76%
397 Marvin Williams 21462 2006 2020 ATL;UTA;CHO;MIL F
76%
344 Mo Williams 22919 2004 2016 UTA;MIL;CLE;LAC;POR;CHO;MIN G
76%
18 Oscar Robertson 58414 1961 1974 CIN;MIL G-F
76%
45 Ray Allen 44694 1997 2014 MIL;SEA;BOS;MIA G
76%
696 Tony Allen 14582 2005 2018 BOS;MEM;NOP G-F
76%
46 Allen Iverson 44552 1997 2010 PHI;DEN;DET;MEM G
75%
257 Alvin Robertson 25772 1985 1996 SAS;MIL;DET;TOR G
75%
985 Anthony Carter 10314 2000 2012 MIA;SAS;MIN;DEN;NYK;TOR G
74%
23 Charles Barkley 52949 1985 2000 PHI;PHO;HOU F
74%
44 Dwight Howard 44795 2005 2022 ORL;LAL;HOU;ATL;CHO;WAS;PHI C
74%
571 Fred Carter 17056 1970 1977 BAL;PHI;MIL G-F
74%
531 Isaiah Thomas 17850 2012 2024 SAC;BOS;PHO;CLE;LAL;DEN;WAS;NOP;CHO;DAL G
74%
37 Isiah Thomas 47563 1982 1994 DET G
74%
773 Kenny Thomas 13461 2000 2010 HOU;PHI;SAC F
74%
391 Kurt Thomas 21543 1996 2013 MIA;DAL;NYK;PHO;SAS;SEA;MIL;CHI;POR F
74%
29 Paul Pierce 51469 1999 2017 BOS;BRK;WAS;LAC F-G
74%
549 Tim Thomas 17510 1998 2010 PHI;MIL;NYK;CHI;PHO;LAC;DAL F
74%
40 Vince Carter 46981 1999 2020 TOR;NJN;ORL;PHO;DAL;MEM;SAC;ATL G-F
74%
80 Anthony Davis 37383 2013 2025 NOH;NOP;LAL;DAL F-C
73%
413 Antonio Davis 21063 1994 2006 IND;TOR;CHI;NYK F-C
73%
145 Baron Davis 32485 2000 2012 CHH;NOH;GSW;LAC;CLE;NYK G
73%
422 Brad Davis 20696 1978 1992 LAL;IND;UTA;DAL G
73%
321 Dale Davis 23598 1992 2007 IND;POR;GSW;DET F-C
73%
931 Ed Davis 11207 2011 2022 TOR;MEM;LAL;POR;BRK;UTA;MIN;CLE F
73%
669 Greg Anthony 15021 1992 2002 NYK;VAN;SEA;POR;CHI;MIL G
73%
455 Johnny Davis 19631 1977 1986 POR;IND;ATL;CLE G
73%
708 Josh Howard 14337 2004 2013 DAL;WAS;UTA;MIN F-G
73%
339 J.R. Smith 23009 2005 2020 NOH;NOK;DEN;NYK;CLE;LAL G-F
73%
163 Juwan Howard 30558 1995 2013 WSB;WAS;DAL;DEN;ORL;HOU;CHA;POR;MIA F-C
73%
505 Ricky Davis 18473 1999 2010 CHH;MIA;CLE;BOS;MIN;LAC G-F
73%
118 Walter Davis 34161 1978 1992 PHO;DEN;POR G-F
73%
732 Adrian Smith 13983 1962 1972 CIN;SFW G
72%
482 Bingo Smith 18921 1970 1980 SDR;CLE;SDC F-G
72%
335 Brad Miller 23150 1999 2012 CHH;CHI;IND;SAC;HOU;MIN C-F
72%
652 Charles Smith 15354 1989 1997 LAC;NYK;SAS F-C
72%
52 Damian Lillard 42750 2013 2025 POR;MIL G
72%
948 Dorian Finney-Smith 10873 2017 2025 DAL;BRK;LAL F
72%
573 Elmore Smith 17009 1972 1979 BUF;LAL;MIL;CLE C
72%
687 Ish Smith 14698 2011 2024 HOU;MEM;GSW;ORL;MIL;PHO;OKC;PHI;NOP;DET;WAS;CHO;DEN G
72%
374 Joe Smith 21958 1996 2011 GSW;PHI;MIN;DET;MIL;DEN;CHI;CLE;OKC;ATL;LAL;NJN F
72%
168 Josh Smith 30214 2005 2018 ATL;DET;HOU;LAC;NOP F
72%
402 Kenny Smith 21421 1988 1997 SAC;ATL;HOU;DEN;DET;ORL G
72%
548 Larry Smith 17551 1981 1993 GSW;HOU;SAS F-C
72%
970 Oliver Miller 10486 1993 2004 PHO;DET;TOR;DAL;SAC;MIN C
72%
32 Patrick Ewing 50105 1986 2002 NYK;SEA;ORL C-F
72%
79 Paul George 37563 2011 2025 IND;OKC;LAC;PHI F-G
72%
477 Phil Smith 19014 1975 1983 GSW;SDC;SEA G
72%
157 Randy Smith 31181 1972 1983 BUF;SDC;CLE;NYK;ATL G-F
72%
49 Reggie Miller 43829 1988 2005 IND G-F
72%
324 Ricky Pierce 23470 1983 1998 DET;SDC;MIL;SEA;GSW;IND;CHH;DEN G
72%
263 Steve Smith 25437 1992 2005 MIA;ATL;POR;SAS;NOH;CHA G
72%
42 Tony Parker 45306 2002 2019 SAS;CHO G
72%
56 Andre Miller 41616 2000 2016 CLE;LAC;DEN;PHI;POR;WAS;SAC;MIN;SAS G
71%
27 Gary Payton 52344 1991 2007 SEA;MIL;LAL;BOS;MIA G
71%
860 Jack George 12138 1954 1961 PHW;NYK G
71%
361 Mike Miller 22413 2001 2017 ORL;MEM;MIN;WAS;MIA;CLE;DEN F-G
71%
727 Elfrid Payton 14063 2015 2025 ORL;PHO;NOP;NYK;CHO G
70%
177 John Wall 29548 2011 2023 WAS;HOU;LAC G
70%
158 Kawhi Leonard 31087 2012 2025 SAS;TOR;LAC F
70%
882 Coby White 11790 2020 2025 CHI G
69%
236 Dennis Rodman 26349 1987 2000 DET;SAS;CHI;LAL;DAL F
69%
662 Derrick White 15197 2018 2025 SAS;BOS G
69%
187 Jayson Tatum 29013 2018 2025 BOS F
69%
208 Jermaine O'Neal 27753 1997 2014 POR;IND;MIA;TOR;BOS;PHO;GSW C-F
69%
173 Jo Jo White 29774 1970 1981 BOS;GSW;KCK G
69%
125 Manu Ginobili 33388 2003 2018 SAS G
69%
169 Marc Gasol 30099 2009 2021 MEM;TOR;LAL C
69%
39 Pau Gasol 47120 2002 2019 MEM;LAL;CHI;SAS;MIL C-F
69%
287 Joel Embiid 24649 2017 2025 PHI C
68%
259 Trae Young 25613 2019 2025 ATL G
68%
956 Joe Bryant 10748 1976 1983 PHI;SDC;HOU F-C
67%
885 Nick Young 11724 2008 2019 WAS;LAC;PHI;LAL;GSW;DEN G-F
67%
198 Thaddeus Young 28321 2008 2024 PHI;BRK;MIN;IND;CHI;SAS;TOR;PHO F
67%
31 Clyde Drexler 50181 1984 1998 POR;HOU G
66%
801 Jaren Jackson Jr. 13019 2019 2025 MEM F
66%
183 Karl-Anthony Towns 29299 2016 2025 MIN;NYK C-F
66%
653 Bobby Jackson 15338 1998 2009 DEN;MIN;SAC;MEM;NOK;HOU;NOH G
65%
377 Bobby Jones 21898 1975 1986 DEN;PHI F
65%
59 Bob Cousy 40094 1951 1970 BOS;CIN G
65%
406 Caldwell Jones 21324 1974 1990 PHI;HOU;CHI;POR;SAS C-F
65%
142 Chris Bosh 32499 2004 2016 TOR;MIA F-C
65%
744 Dwight Jones 13789 1974 1983 ATL;HOU;CHI;LAL F-C
65%
207 Eddie Jones 27760 1995 2008 LAL;CHH;MIA;MEM;DAL G-F
65%
411 Jarrett Jack 21155 2006 2018 POR;IND;TOR;NOH;GSW;CLE;BRK;NOP;NYK G
65%
299 Jim Jackson 24303 1993 2006 DAL;NJN;GSW;PHI;POR;ATL;CLE;MIA;SAC;HOU;PHO;LAL G
65%
671 K.C. Jones 15006 1959 1967 BOS G
65%
821 Lucious Jackson 12656 1965 1972 PHI F-C
65%
50 Mark Jackson 43456 1988 2004 NYK;LAC;IND;DEN;TOR;UTA;HOU G
65%
866 Phil Jackson 12109 1968 1980 NYK;NJN F-C
65%
338 Reggie Jackson 23034 2012 2025 OKC;DET;LAC;DEN;PHI G
65%
196 Sam Jones 28477 1958 1969 BOS G-F
65%
400 Shai Gilgeous-Alexander 21449 2019 2025 LAC;OKC G
65%
284 Stephen Jackson 24776 2001 2014 NJN;SAS;ATL;IND;GSW;CHA;MIL;LAC F-G
65%
741 Tyus Jones 13843 2016 2025 MIN;MEM;WAS;PHO G
65%
812 Wali Jones 12837 1965 1976 BAL;PHI;MIL;DET G
65%
47 DeMar DeRozan 44267 2010 2025 TOR;SAS;CHI;SAC G-F
64%
266 Derrick Rose 25315 2009 2024 CHI;NYK;CLE;MIN;DET;MEM G
64%
247 Jalen Rose 25975 1995 2007 DEN;IND;CHI;TOR;NYK;PHO G-F
64%
104 Jimmy Butler 35111 2012 2025 CHI;MIN;PHI;MIA;GSW F-G
64%
22 John Havlicek 53911 1963 1978 BOS F-G
64%
57 Kyle Lowry 41540 2007 2025 MEM;HOU;TOR;MIA;PHI G
64%
900 Malik Rose 11558 1997 2009 CHH;SAS;NYK;OKC F-C
64%
320 Caron Butler 23616 2003 2016 MIA;LAL;WAS;DAL;LAC;MIL;OKC;DET;SAC F
63%
51 Dominique Wilkins 43403 1983 1999 ATL;LAC;BOS;SAS;ORL F-G
63%
35 Elgin Baylor 48341 1959 1972 MNL;LAL F
63%
61 Lenny Wilkens 39572 1961 1975 STL;SEA;CLE;POR G
63%
991 Rasual Butler 10276 2003 2016 MIA;NOK;NOH;LAC;CHI;TOR;IND;WAS;SAS F-G
63%
95 Tracy McGrady 35915 1998 2012 TOR;ORL;HOU;NYK;DET;ATL;SAS G-F
63%
237 Ben Wallace 26304 1997 2012 WSB;WAS;ORL;DET;CHI;CLE F-C
62%
20 Elvin Hayes 55150 1969 1984 SDR;HOU;BAL;CAP;WSB F-C
62%
426 Gerald Wallace 20621 2002 2015 SAC;CHA;POR;NJN;BRK;BOS F
62%
114 Rasheed Wallace 34329 1996 2013 WSB;POR;ATL;DET;BOS;NYK F-C
62%
566 Anthony Edwards 17129 2021 2025 MIN G-F
61%
712 Blue Edwards 14306 1990 1999 UTA;MIL;BOS;VAN;MIA G-F
61%
185 Devin Booker 29095 2016 2025 PHO G
61%
233 James Edwards 26766 1978 1996 IND;LAL;CLE;PHO;DET;LAC;POR;CHI C-F
61%
823 Kevin Edwards 12616 1989 2001 MIA;NJN;ORL;VAN G
61%
170 Blake Griffin 30078 2011 2023 LAC;DET;BRK;BOS F-C
60%
541 Dejounte Murray 17693 2017 2025 SAS;ATL;NOP G
60%
295 Donovan Mitchell 24427 2018 2025 UTA;CLE G
60%
364 Gerald Wilkins 22197 1986 1999 NYK;CLE;VAN;ORL G-F
60%
421 Jamal Murray 20727 2017 2025 DEN G
60%
103 Kevin McHale 35160 1981 1993 BOS F-C
60%
704 Lamond Murray 14429 1995 2006 LAC;CLE;TOR;NJN F
60%
333 Mike Mitchell 23223 1979 1988 CLE;SAS F
60%
710 Neal Walk 14323 1970 1977 PHO;NOJ;NYK C
60%
630 Sam Mitchell 15858 1990 2002 MIN;IND F
60%
874 Voshon Lenard 11878 1996 2006 MIA;DEN;TOR;POR G
60%
146 Antoine Walker 32392 1997 2008 BOS;DAL;ATL;MIA;MIN F
59%
123 Chet Walker 33626 1963 1975 SYR;PHI;CHI F-G
59%
536 Darrell Walker 17785 1984 1993 NYK;DEN;WSB;DET;CHI G
59%
772 Foots Walker 13472 1975 1984 CLE;NJN G
59%
510 Jalen Brunson 18408 2019 2025 DAL;NYK G
59%
485 Jimmy Walker 18907 1968 1976 DET;HOU;KCO;KCK G
59%
213 Kemba Walker 27514 2012 2023 CHA;CHO;BOS;NYK;DAL G
59%
558 Yao Ming 17313 2003 2011 HOU C
59%
349 Bob Love 22718 1967 1977 CIN;CHI;MIL;NYN;SEA F
58%
147 Brook Lopez 32328 2009 2025 NJN;BRK;LAL;MIL C
58%
139 Kevin Love 32535 2009 2025 MIN;CLE;MIA F-C
58%
28 Robert Parish 51496 1977 1997 GSW;BOS;CHH;CHI C
58%
602 Robin Lopez 16504 2009 2024 PHO;NOH;POR;NYK;CHI;MIL;WAS;ORL;CLE C
58%
53 Bob Pettit 42493 1955 1965 MLH;STL F-C
57%
409 Kevin Porter 21200 1973 1983 BAL;CAP;WSB;DET;NJN G
57%
944 Michael Porter Jr. 10921 2020 2025 DEN F
57%
70 Mike Conley 38398 2008 2025 MEM;UTA;MIN G
57%
923 Otto Porter Jr. 11305 2014 2024 WAS;CHI;ORL;GSW;TOR F
57%
66 Terry Porter 39140 1986 2002 POR;MIN;MIA;SAS G
57%
69 Al Horford 38636 2008 2025 ATL;BOS;PHI;OKC C-F
56%
280 Anfernee Hardaway 24879 1994 2008 ORL;PHO;NYK;MIA G-F
56%
164 Bradley Beal 30482 2013 2025 WAS;PHO G
56%
632 Corliss Williamson 15800 1996 2007 SAC;DET;TOR;PHI F
56%
67 Jrue Holiday 39093 2010 2025 PHI;NOP;MIL;BOS G
56%
990 Justin Holiday 10280 2013 2024 PHI;GSW;ATL;CHI;NYK;MEM;IND;SAC;DAL;DEN F
56%
94 Tim Hardaway 35951 1990 2003 GSW;MIA;DAL;DEN;IND G
56%
537 Tim Hardaway Jr. 17742 2014 2025 NYK;ATL;DAL;DET G
56%
272 Domantas Sabonis 25154 2017 2025 OKC;IND;SAC C-F
55%
131 Shawn Kemp 32986 1990 2003 SEA;CLE;POR;ORL F-C
55%
567 Bill Walton 17109 1975 1987 POR;SDC;LAC;BOS C-F
54%
91 Chauncey Billups 36136 1998 2014 BOS;TOR;DEN;MIN;DET;NYK;LAC G
54%
401 De'Aaron Fox 21436 2018 2025 SAC;SAS G
54%
462 George Mikan 19468 1949 1956 MNL C
54%
99 Rajon Rondo 35469 2007 2022 BOS;DAL;SAC;CHI;NOP;LAL;ATL;LAC;CLE G
54%
227 Rudy Gobert 27025 2014 2025 UTA;MIN C
54%
439 Spud Webb 20365 1986 1998 ATL;SAC;MIN;ORL G
54%
85 Wes Unseld 37097 1969 1981 BAL;CAP;WSB C-F
54%
41 Alex English 45450 1977 1991 MIL;IND;DEN;DAL F
53%
688 Ja Morant 14663 2020 2025 MEM G
53%
640 Jim Fox 15548 1968 1977 CIN;DET;PHO;CHI;SEA;MIL;NYN C-F
53%
420 Rick Fox 20788 1992 2004 BOS;LAL F-G
53%
794 Arvydas Sabonis 13142 1996 2003 POR C
52%
226 Billy Cunningham 27037 1966 1976 PHI F-C
52%
136 Dikembe Mutombo 32678 1992 2009 DEN;ATL;PHI;NJN;NYK;HOU C
52%
300 Harrison Barnes 24302 2013 2025 GSW;DAL;SAC;SAS F
52%
127 James Worthy 33243 1983 1994 LAL F
52%
534 Matt Barnes 17817 2004 2017 LAC;SAC;NYK;PHI;GSW;PHO;ORL;LAL;MEM F
52%
261 Willis Reed 25461 1965 1974 NYK C-F
52%
417 Aaron Gordon 20900 2015 2025 ORL;DEN F
51%
97 Bob McAdoo 35541 1973 1986 BUF;NYK;BOS;DET;NJN;LAL;PHI C-F
51%
210 CJ McCollum 27649 2014 2025 POR;NOP G
51%
381 George Hill 21839 2009 2023 SAS;IND;UTA;CLE;SAC;MIL;OKC;PHI G
51%
108 Grant Hill 34729 1995 2013 DET;ORL;PHO;LAC F-G
51%
925 Jon Barry 11278 1993 2006 MIL;GSW;ATL;LAL;SAC;DET;DEN;HOU G
51%
230 Khris Middleton 26835 2013 2025 DET;MIL;WAS F-G
51%
92 Rick Barry 36046 1966 1980 SFW;GSW;HOU F
51%
984 Scottie Barnes 10317 2022 2025 TOR G-F
51%
538 Tyrone Hill 17739 1991 2004 GSW;CLE;MIL;PHI;MIA F
51%
195 Alonzo Mourning 28488 1993 2008 CHH;MIA;NJN C-F
50%
87 Andre Iguodala 36685 2005 2023 PHI;DEN;GSW;MIA F-G
50%
518 Ben Gordon 18185 2005 2015 CHI;DET;CHA;ORL G
50%
467 Brent Barry 19307 1996 2009 LAC;MIA;CHI;SEA;SAS;HOU G
50%
77 Chris Webber 37711 1994 2008 GSW;WSB;WAS;SAC;PHI;DET F-C
50%
309 Eric Gordon 23850 2009 2025 LAC;NOH;NOP;HOU;PHO;PHI G-F
50%
115 Horace Grant 34296 1988 2004 CHI;ORL;SEA;LAL F-C
50%
606 Jerami Grant 16411 2015 2025 PHI;OKC;DEN;DET;POR F
50%
73 LaMarcus Aldridge 37886 2007 2022 POR;SAS;BRK F-C
50%
191 Amar'e Stoudemire 28746 2003 2016 PHO;NYK;DAL;MIA F-C
49%
552 Brian Grant 17463 1995 2006 SAC;POR;MIA;LAL;PHO F
49%
206 Damon Stoudamire 27777 1996 2008 TOR;POR;MEM;SAS G
49%
817 Gary Grant 12745 1989 2001 LAC;NYK;MIA;POR G
49%
676 Harvey Grant 14880 1989 1999 WSB;POR;WAS;PHI F
49%
107 Nikola Vucevic 34930 2012 2025 PHI;ORL;CHI C
49%
357 Zach LaVine 22466 2015 2025 MIN;CHI;SAC G-F
49%
264 DeMarcus Cousins 25357 2011 2022 SAC;NOP;GSW;HOU;LAC;DEN;MIL C-F
48%
219 Julius Randle 27294 2015 2025 LAL;NOP;NYK;MIN F-C
48%
304 Pascal Siakam 24051 2017 2025 TOR;IND F-C
48%
105 Walt Frazier 35062 1968 1980 NYK;CLE G
48%
845 Albert King 12291 1982 1992 NJN;PHI;SAS;WSB F-G
47%
371 Bam Adebayo 21983 2018 2025 MIA C-F
47%
141 Bernard King 32505 1978 1993 NJN;UTA;GSW;NYK;WSB F
47%
346 Devin Harris 22774 2005 2019 DAL;NJN;UTA;ATL;DEN G
47%
898 Gary Harris 11565 2015 2025 DEN;ORL G
47%
134 George Gervin 32779 1973 1986 SAS;CHI G-F
47%
962 George King 10678 1952 1958 SYR;CIN G
47%
927 Lucious Harris 11236 1994 2005 DAL;PHI;NJN;CLE G
47%
218 Pete Maravich 27297 1971 1980 ATL;NOJ;BOS;UTA G
47%
535 Steven Adams 17814 2014 2025 OKC;NOP;MEM;HOU C
47%
175 Tobias Harris 29593 2012 2025 MIL;ORL;DET;LAC;PHI F
47%
658 Tyrese Haliburton 15276 2021 2025 SAC;IND G
47%
897 Tyrese Maxey 11574 2021 2025 PHI G
47%
124 Alvan Adams 33431 1976 1988 PHO C-F
46%
314 Andrew Wiggins 23765 2015 2025 MIN;GSW;MIA F-G
46%
639 Ben Simmons 15549 2018 2025 PHI;BRK;LAC G-F
46%
149 Joe Dumars 31943 1986 1999 DET G
46%
555 Kristaps Porzingis 17413 2016 2025 NYK;DAL;WAS;BOS F-C
46%
388 Michael Adams 21650 1986 1996 SAC;WSB;DEN;CHH G
46%
192 Red Kerr 28644 1955 1966 SYR;PHI;BAL C-F
46%
916 Steve Kerr 11376 1989 2003 PHO;CLE;ORL;CHI;SAS;POR G
46%
228 Al Jefferson 26940 2005 2018 BOS;MIN;UTA;CHA;CHO;IND C-F
45%
138 Chris Mullin 32558 1986 2001 GSW;IND F-G
45%
915 Connie Simmons 11384 1947 1956 BOS;BLB;NYK;SYR;ROC C-F
45%
64 Dolph Schayes 39290 1950 1964 SYR;PHI F-C
45%
824 Lionel Simmons 12611 1991 1997 SAC F-G
45%
199 Richard Jefferson 28314 2002 2018 NJN;MIL;SAS;GSW;UTA;DAL;CLE;DEN F
45%
90 Zach Randolph 36141 2002 2018 POR;NYK;LAC;MEM;SAC F-C
45%
128 Bill Laimbeer 33241 1981 1994 CLE;DET C
44%
458 Danny Schayes 19546 1982 1999 UTA;DEN;MIL;LAL;PHO;MIA;ORL C-F
44%
697 Josh Hart 14576 2018 2025 LAL;NOP;POR;NYK G
44%
502 Myles Turner 18520 2016 2025 IND C-F
44%
540 Brandon Ingram 17716 2017 2025 LAL;NOP F
43%
843 Chris Mills 12297 1994 2003 CLE;NYK;GSW F
43%
425 Cuttino Mobley 20662 1999 2009 HOU;ORL;SAC;LAC G
43%
180 Dale Ellis 29387 1984 2000 DAL;SEA;MIL;SAS;DEN;CHH G-F
43%
577 Evan Turner 16900 2011 2020 PHI;IND;BOS;POR;ATL G
43%
892 Jim Price 11619 1973 1979 LAL;MIL;BUF;DEN;DET G
43%
486 Joakim Noah 18897 2008 2020 CHI;NYK;MEM;LAC C
43%
686 LaPhonso Ellis 14702 1993 2003 DEN;ATL;MIN;MIA F
43%
340 Leroy Ellis 23006 1963 1976 LAL;BAL;POR;PHI C-F
43%
270 Mark Price 25164 1987 1998 CLE;WSB;GSW;ORL G
43%
629 Mikal Bridges 15859 2019 2025 PHO;BRK;NYK F-G
43%
203 Monta Ellis 28051 2006 2017 GSW;MIL;DAL;IND G
43%
763 Terry Mills 13586 1991 2001 DEN;NJN;DET;MIA;IND F
43%
221 Andre Drummond 27243 2013 2025 DET;CLE;LAL;BRK;PHI;CHI C
42%
167 Bill Bridges 30225 1963 1975 STL;ATL;PHI;LAL;GSW F-C
42%
341 Kyle Korver 22989 2004 2020 PHI;UTA;CHI;ATL;CLE;MIL G-F
42%
851 Miles Bridges 12221 2019 2025 CHO G-F
42%
694 Derek Anderson 14594 1998 2008 CLE;LAC;SAS;POR;HOU;MIA;CHA G
41%
235 Derek Fisher 26637 1997 2014 LAL;GSW;UTA;OKC;DAL G
41%
86 Derek Harper 36817 1984 1999 DAL;NYK;ORL;LAL G
41%
930 Greg Anderson 11214 1988 1998 SAS;MIL;DEN;NJN;DET;ATL F-C
41%
250 Kenny Anderson 25935 1992 2005 NJN;CHH;POR;BOS;NOH;SEA;IND;ATL;LAC G
41%
723 Kyle Anderson 14140 2015 2025 SAS;MEM;MIN;GSW;MIA F-G
41%
360 Nick Anderson 22448 1990 2002 ORL;SAC;MEM F-G
41%
650 Patty Mills 15361 2010 2025 POR;SAS;BRK;ATL;MIA;LAC;UTA G
41%
846 Ron Anderson 12283 1985 1994 CLE;IND;PHI;NJN;WSB F-G
41%
161 Ron Harper 30753 1987 2001 CLE;LAC;CHI;LAL G-F
41%
758 Ryan Anderson 13658 2009 2020 NJN;ORL;NOH;NOP;HOU;MIA;PHO F
41%
937 Shandon Anderson 11054 1997 2006 UTA;HOU;NYK;MIA F-G
41%
674 Willie Anderson 14932 1989 1997 SAS;NYK;TOR;MIA G-F
41%
76 Adrian Dantley 37752 1977 1991 BUF;IND;LAL;UTA;DET;DAL;MIL F-G
40%
109 Dave Cowens 34636 1971 1983 BOS;MIL C-F
40%
254 Jason Richardson 25805 2002 2015 GSW;CHA;PHO;ORL;PHI G
40%
75 Jason Terry 37803 2000 2018 ATL;DAL;BOS;BRK;HOU;MIL G
40%
836 Josh Richardson 12371 2016 2025 MIA;PHI;DAL;BOS;SAS;NOP G
40%
396 Michael Ray Richardson 21469 1979 1986 NYK;GSW;NJN G-F
40%
520 Michael Redd 18132 2001 2012 MIL;PHO G
40%
334 Peja Stojakovic 23205 1999 2011 SAC;IND;NOK;NOH;DAL;TOR F
40%
515 Pooh Richardson 18265 1990 1999 MIN;IND;LAC G
40%
660 Quentin Richardson 15242 2001 2013 LAC;PHO;NYK;MIA;ORL G-F
40%
172 Richard Hamilton 29812 2000 2013 WAS;DET;CHI G-F
40%
71 Shawn Marion 38218 2000 2015 PHO;MIA;TOR;DAL;CLE F
40%
760 Tyler Herro 13617 2020 2025 MIA G
40%
1000 Alperen Sengun 10202 2022 2025 HOU C-F
39%
154 Artis Gilmore 31531 1972 1988 CHI;SAS;BOS C
39%
479 Bill Bradley 19004 1968 1977 NYK F-G
39%
620 Clyde Lee 16081 1967 1976 SFW;GSW;ATL;PHI F-C
39%
405 Gilbert Arenas 21327 2002 2012 GSW;WAS;ORL;MEM G
39%
372 Kenyon Martin 21981 2001 2015 NJN;DEN;LAC;NYK;MIL F
39%
504 Kevin Martin 18478 2005 2016 SAC;HOU;OKC;MIN;SAS G
39%
780 Lauri Markkanen 13308 2018 2025 CHI;CLE;UTA F-C
39%
528 Slater Martin 17861 1950 1960 MNL;NYK;STL G
39%
809 Avery Bradley 12911 2011 2022 BOS;DET;LAC;MEM;LAL;HOU;MIA G
38%
706 Courtney Lee 14370 2009 2020 ORL;NJN;HOU;BOS;MEM;CHO;NYK;DAL G
38%
317 David Lee 23693 2006 2017 NYK;GSW;BOS;DAL;SAS F-C
38%
220 Metta World Peace 27254 2000 2017 CHI;IND;SAC;HOU;LAL;NYK F
38%
81 Nate Thurmond 37308 1964 1977 SFW;GSW;CHI;CLE C-F
38%
298 Serge Ibaka 24315 2010 2023 OKC;ORL;TOR;LAC;MIL F-C
38%
614 Shawn Bradley 16166 1994 2005 PHI;NJN;DAL C
38%
269 Tyson Chandler 25219 2002 2020 CHI;NOK;NOH;CHA;DAL;NYK;PHO;LAL;HOU C
38%
93 Vlade Divac 35960 1990 2005 LAL;CHH;SAC C
38%
641 Wilson Chandler 15547 2008 2020 NYK;DEN;LAC;PHI;BRK F
38%
457 Clint Capela 19611 2015 2025 HOU;ATL C
37%
62 Hal Greer 39498 1959 1973 SYR;PHI G-F
37%
112 Jamal Crawford 34500 2001 2020 CHI;NYK;GSW;ATL;POR;LAC;MIN;PHO;BRK G
37%
768 Kendrick Perkins 13529 2004 2018 BOS;OKC;CLE;NOP C
37%
140 Sam Perkins 32511 1985 2001 DAL;LAL;SEA;IND F-C
37%
325 Archie Clark 23454 1967 1976 LAL;PHI;BAL;CAP;SEA;DET G
36%
322 Bob Boozer 23570 1961 1971 CIN;NYK;LAL;CHI;SEA;MIL F
36%
919 Brandon Roy 11357 2007 2013 POR;MIN G
36%
171 Carlos Boozer 29949 2003 2015 CLE;UTA;CHI;LAL F-C
36%
728 Deandre Ayton 14050 2019 2025 PHO;POR C
36%
348 John Starks 22734 1989 2002 GSW;NYK;CHI;UTA G
36%
101 Kevin Willis 35344 1985 2007 ATL;MIA;GSW;HOU;TOR;DEN;SAS;DAL F-C
36%
330 Michael Cooper 23246 1979 1990 LAL G-F
36%
144 Paul Millsap 32487 2007 2022 UTA;ATL;DEN;BRK;PHI F
36%
942 Taurean Prince 10934 2017 2025 ATL;BRK;CLE;MIN;LAL;MIL F
36%
285 Tayshaun Prince 24752 2003 2016 DET;MEM;BOS;MIN F
36%
343 Toni Kukoc 22919 1994 2006 CHI;PHI;ATL;MIL F
36%
508 Wayne Cooper 18426 1979 1992 GSW;UTA;DAL;POR;DEN C-F
36%
557 Antoine Carr 17349 1985 2000 ATL;SAC;SAS;UTA;HOU;VAN F-C
35%
166 Earl Monroe 30326 1968 1980 BAL;NYK G
35%
119 Elton Brand 33975 2000 2016 CHI;LAC;PHI;DAL;ATL F-C
35%
495 Fred VanVleet 18677 2017 2025 TOR;HOU G
35%
530 Greg Monroe 17853 2011 2022 DET;MIL;BOS;PHO;PHI;TOR;MIN;UTA;WAS C-F
35%
293 Jeff Teague 24429 2010 2021 ATL;IND;MIN;BOS;MIL G
35%
829 Jordan Poole 12568 2020 2025 GSW;WAS G
35%
615 Kenny Carr 16140 1978 1987 LAL;CLE;DET;POR F
35%
494 Kentavious Caldwell-Pope 18721 2014 2025 DET;LAL;WAS;DEN;ORL G
35%
594 Kyle Kuzma 16570 2018 2025 LAL;WAS;MIL F
35%
837 M.L. Carr 12369 1976 1985 DET;BOS F-G
35%
292 Muggsy Bogues 24504 1988 2001 WSB;CHH;GSW;TOR G
35%
200 Rashard Lewis 28260 1999 2014 SEA;ORL;WAS;MIA F
35%
709 Reggie Lewis 14329 1988 1993 BOS G-F
35%
274 Sidney Moncrief 24976 1980 1991 MIL;ATL G
35%
122 Tiny Archibald 33671 1971 1984 CIN;KCO;KCK;NYN;BOS;MIL G
35%
605 Udonis Haslem 16438 2004 2023 MIA F-C
35%
359 Zydrunas Ilgauskas 22453 1998 2011 CLE;MIA C
35%
855 Aaron Brooks 12192 2008 2018 HOU;PHO;SAC;DEN;CHI;IND;MIN G
34%
63 Bob Lanier 39357 1971 1984 DET;MIL C
34%
876 Dillon Brooks 11875 2018 2025 MEM;HOU F-G
34%
178 Glen Rice 29532 1990 2004 MIA;CHH;LAL;NYK;HOU;LAC F
34%
399 Grant Long 21454 1989 2003 MIA;ATL;DET;VAN;MEM;BOS F
34%
750 Henry Bibby 13725 1973 1981 NYK;NOJ;PHI;SDC G
34%
460 John Long 19527 1979 1997 DET;IND;ATL;TOR G-F
34%
584 Keith Van Horn 16694 1998 2006 NJN;PHI;MIL;NYK;DAL F
34%
211 Paul Arizin 27571 1951 1962 PHW F-G
34%
966 P.J. Washington 10544 2020 2025 CHO;DAL F
34%
806 Raja Bell 12969 2001 2012 PHI;DAL;UTA;PHO;CHA;GSW G
34%
281 Robert Horry 24814 1993 2008 HOU;LAL;PHO;SAS F
34%
102 Sam Cassell 35268 1994 2008 HOU;DAL;NJN;PHO;MIL;MIN;LAC;BOS G
34%
120 Dave Bing 33960 1967 1978 DET;WSB;BOS G
33%
116 Detlef Schrempf 34295 1986 2001 DAL;IND;SEA;POR F-C
33%
946 Gorgui Dieng 10897 2014 2023 MIN;MEM;SAS;ATL C
33%
869 Jeremy Lin 12037 2011 2019 GSW;NYK;HOU;LAL;CHO;BRK;ATL;TOR G
33%
524 Jim Washington 17983 1966 1976 STL;CHI;PHI;ATL;BUF F-C
33%
446 JJ Redick 19953 2007 2021 ORL;MIL;LAC;PHI;NOP;DAL G
33%
719 John Collins 14191 2018 2025 ATL;UTA F
33%
234 Jonas Valanciunas 26697 2013 2025 TOR;MEM;NOP;SAC;WAS C
33%
909 Kermit Washington 11450 1974 1988 LAL;BOS;SDC;POR;GSW F-C
33%
133 Mike Bibby 32786 1999 2012 VAN;SAC;ATL;MIA;WAS;NYK G
33%
291 Rik Smits 24549 1989 2000 IND C
33%
159 Rudy Gay 31033 2007 2023 MEM;TOR;SAC;SAS;UTA F
33%
153 Calvin Murphy 31604 1971 1983 SDR;HOU G
32%
88 Charles Oakley 36572 1986 2004 CHI;NYK;TOR;WAS;HOU F-C
32%
689 Darius Garland 14628 2020 2025 CLE G
32%
785 Doug Collins 13212 1974 1981 PHI G-F
32%
135 Lamar Odom 32762 2000 2013 LAC;MIA;LAL;DAL F
32%
155 Latrell Sprewell 31471 1993 2005 GSW;NYK;MIN G
32%
244 Luol Deng 26009 2005 2019 CHI;CLE;MIA;LAL;MIN F
32%
126 Mitch Richmond 33298 1989 2002 GSW;SAC;WAS;LAL G
32%
601 Troy Murphy 16523 2002 2013 GSW;IND;BOS;NJN;LAL;DAL F-C
32%
850 Winston Garland 12229 1988 1995 GSW;LAC;DEN;HOU;MIN G
32%
186 Byron Scott 29065 1984 1997 LAL;IND;VAN G
31%
471 Charlie Scott 19185 1971 1980 PHO;BOS;LAL;DEN G-F
31%
730 Dennis Scott 14029 1991 2000 ORL;DAL;PHO;MIN;NYK;VAN F
31%
106 Gail Goodrich 35061 1966 1979 LAL;PHO;NOJ G
31%
301 Gordon Hayward 24187 2011 2024 UTA;BOS;CHO;OKC F-G
31%
98 Jeff Hornacek 35493 1987 2000 PHO;PHI;UTA G
31%
435 Jordan Clarkson 20455 2015 2025 LAL;CLE;UTA G
31%
224 Nicolas Batum 27063 2009 2025 POR;CHO;LAC;PHI F-G
31%
840 OG Anunoby 12330 2018 2025 TOR;NYK F
31%
407 Ray Scott 21261 1962 1972 DET;BAL F-C
31%
121 Stephon Marbury 33703 1997 2009 MIN;NJN;PHO;NYK;BOS G
31%
593 Victor Oladipo 16604 2014 2023 ORL;OKC;IND;HOU;MIA G
31%
268 Xavier McDaniel 25220 1986 1998 SEA;PHO;NYK;BOS;NJN F
31%
113 Antawn Jamison 34496 1999 2014 GSW;DAL;WAS;CLE;LAL;LAC F
30%
608 Chris Morris 16405 1989 1999 NJN;UTA;PHO F
30%
205 Fat Lever 27787 1983 1994 POR;DEN;DAL G
30%
231 Goran Dragic 26787 2009 2023 PHO;HOU;MIA;BRK;TOR;CHI;MIL G
30%
999 Lloyd Neal 10207 1973 1979 POR C-F
30%
503 Marcus Morris 18480 2012 2024 HOU;PHO;DET;BOS;LAC;NYK;CLE;PHI F
30%
137 Mark Aguirre 32662 1982 1994 DAL;DET;LAC F-G
30%
619 Markieff Morris 16096 2012 2025 PHO;WAS;OKC;DET;LAL;MIA;BRK;DAL F
30%
747 Norman Powell 13757 2016 2025 TOR;POR;LAC G
30%
621 P.J. Tucker 16047 2007 2025 TOR;PHO;HOU;MIL;MIA;PHI;LAC;NYK F
30%
844 Trent Tucker 12294 1983 1993 NYK;SAS;CHI G
30%
384 Andrei Kirilenko 21733 2002 2015 UTA;MIN;BRK F
29%
875 Austin Rivers 11876 2013 2023 NOH;NOP;LAC;HOU;WAS;DEN;NYK;MIN G
29%
148 Dave DeBusschere 31979 1963 1974 DET;NYK F-G
29%
278 Dennis Schroder 24895 2014 2025 ATL;OKC;LAL;BOS;HOU;BRK;TOR;DET;GSW G
29%
245 Doc Rivers 25996 1984 1996 ATL;LAC;NYK;SAS G
29%
58 Jack Sikma 40360 1978 1991 SEA;MIL C-F
29%
476 Marcus Smart 19041 2015 2025 BOS;MEM;WAS G
29%
496 Mark Eaton 18627 1983 1993 UTA C
29%
83 Maurice Cheeks 37218 1979 1993 PHI;NYK;SAS;ATL;NJN G
29%
928 Reggie Evans 11224 2003 2015 SEA;DEN;PHI;TOR;LAC;BRK;SAC F
29%
96 Tom Chambers 35557 1982 1998 SDC;SEA;PHO;UTA;CHH;PHI F-C
29%
252 Trevor Ariza 25848 2005 2022 NYK;ORL;LAL;HOU;NOH;WAS;PHO;POR;SAC;MIA F
29%
483 Tyreke Evans 18921 2010 2019 SAC;NOP;MEM;IND G-F
29%
189 World B. Free 28954 1976 1988 PHI;SDC;GSW;CLE;HOU G
29%
489 Andrew Bogut 18814 2006 2019 MIL;GSW;CLE;DAL;LAL C
28%
616 Antonio Daniels 16127 1998 2011 VAN;SAS;POR;SEA;WAS;NOH;PHI G
28%
276 Bill Cartwright 24930 1980 1995 NYK;CHI;SEA C
28%
369 Brad Daugherty 22033 1987 1994 CLE C
28%
373 Don Nelson 21978 1963 1976 CHZ;LAL;BOS F
28%
319 Jameer Nelson 23654 2005 2018 ORL;BOS;DAL;DEN;DET;NOP G
28%
959 Luc Longley 10723 1992 2001 MIN;CHI;PHO;NYK C
28%
216 Marcus Camby 27450 1997 2013 TOR;NYK;DEN;LAC;POR;HOU C-F
28%
174 Rolando Blackman 29652 1982 1994 DAL;NYK G
28%
378 Steve Francis 21898 2000 2008 HOU;ORL;NYK G
28%
822 Bruce Bowen 12644 1997 2009 MIA;BOS;PHI;SAS F
27%
511 Buddy Hield 18391 2017 2025 NOP;SAC;IND;PHI;GSW G-F
27%
347 Cedric Maxwell 22735 1978 1988 BOS;LAC;HOU F
27%
308 Hedo Turkoglu 23868 2001 2015 SAC;SAS;ORL;TOR;PHO;LAC F
27%
111 Jerry Lucas 34556 1964 1974 CIN;SFW;NYK F-C
27%
215 John Lucas 27450 1977 1990 HOU;GSW;WSB;SAS;MIL;SEA G
27%
132 Larry Nance 32852 1982 1994 PHO;CLE F-C
27%
940 Larry Nance Jr. 11017 2016 2025 LAL;CLE;NOP;POR;ATL F-C
27%
217 Maurice Lucas 27426 1975 1988 POR;NJN;NYK;PHO;LAL;SEA F-C
27%
143 Michael Finley 32490 1996 2010 PHO;DAL;SAS;BOS G-F
27%
813 Pat Cummings 12825 1980 1991 MIL;DAL;NYK;MIA;UTA F-C
27%
811 RJ Barrett 12839 2020 2025 NYK;TOR G-F
27%
82 Terry Cummings 37287 1983 2000 SDC;MIL;SAS;SEA;NYK;PHI;GSW F
27%
408 Vernon Maxwell 21227 1989 2001 SAS;HOU;PHI;CHH;ORL;SAC;SEA;DAL G
27%
633 B.J. Armstrong 15747 1990 2000 CHI;GSW;CHH;ORL G
26%
759 Bogdan Bogdanovic 13631 2018 2025 SAC;ATL;LAC G
26%
543 Bojan Bogdanovic 17647 2015 2024 BRK;WAS;IND;UTA;DET;NYK G-F
26%
282 Boris Diaw 24804 2004 2017 ATL;PHO;CHA;SAS;UTA F-C
26%
493 Darrell Armstrong 18771 1995 2008 ORL;NOH;DAL;IND;NJN G
26%
961 Desmond Bane 10679 2021 2025 MEM G
26%
722 Ivica Zubac 14145 2017 2025 LAL;LAC C
26%
665 Mario Chalmers 15103 2009 2018 MIA;MEM G
26%
636 Ralph Sampson 15689 1984 1992 HOU;GSW;SAC;WSB C-F
26%
54 Walt Bellamy 42172 1962 1975 CHP;CHZ;BAL;NYK;DET;ATL;NOJ C
26%
926 Andrew Bynum 11246 2006 2014 LAL;CLE;IND C
25%
624 Bobby Portis 15973 2016 2025 CHI;WAS;NYK;MIL F
25%
561 Connie Hawkins 17193 1968 1976 PHO;LAL;ATL F-C
25%
201 Danny Ainge 28243 1982 1995 BOS;SAC;POR;PHO G
25%
591 Danny Granger 16645 2006 2015 IND;LAC;MIA F
25%
212 Hersey Hawkins 27535 1989 2001 PHI;CHH;SEA;CHI G
25%
466 Jim Paxson 19312 1980 1990 POR;BOS G-F
25%
725 John Paxson 14080 1984 1994 SAS;CHI G
25%
225 Shareef Abdur-Rahim 27043 1997 2008 VAN;ATL;POR;SAC F
25%
507 Terry Rozier 18458 2016 2025 BOS;CHO;MIA G
25%
699 Tom Hawkins 14537 1960 1969 MNL;LAL;CIN F
25%
327 Allan Houston 23399 1994 2005 DET;NYK G
24%
559 Billy Knight 17301 1975 1985 IND;BUF;BOS;KCK;SAS G-F
24%
886 Brandon Knight 11701 2012 2022 DET;MIL;PHO;CLE;HOU;DAL G
24%
546 Brevin Knight 17585 1998 2009 CLE;ATL;MEM;MIL;PHO;WAS;CHA;LAC;UTA G
24%
223 Derrick Coleman 27090 1991 2005 NJN;PHI;CHH;DET F-C
24%
568 Jack Coleman 17089 1950 1958 ROC;STL F-C
24%
197 Jamaal Wilkes 28392 1975 1986 GSW;LAL;LAC F-G
24%
888 J.R. Reid 11643 1990 2001 CHH;SAS;NYK;LAL;MIL;CLE F
24%
575 Jusuf Nurkic 16956 2015 2025 DEN;POR;PHO;CHO C
24%
981 Kevon Looney 10348 2016 2025 GSW F-C
24%
551 Lindsey Hunter 17499 1994 2010 DET;MIL;LAL;TOR;CHI G
24%
318 Nene 23678 2003 2019 DEN;WAS;HOU F-C
24%
332 Robert Reid 23225 1978 1991 HOU;CHH;POR;PHI F-G
24%
253 Anthony Mason 25808 1990 2003 NJN;DEN;NYK;CHH;MIA;MIL F
23%
465 Carl Braun 19389 1948 1962 NYK;BOS G-F
23%
229 Dan Issel 26846 1971 1985 DEN C-F
23%
745 Desmond Mason 13779 2001 2010 SEA;MIL;NOK;OKC;SAC F
23%
190 Jerry Stackhouse 28884 1996 2013 PHI;DET;WAS;DAL;MIL;MIA;ATL;BRK G-F
23%
176 Nick Van Exel 29582 1994 2006 LAL;DEN;DAL;GSW;POR;SAS G
23%
356 Ricky Rubio 22468 2012 2023 MIN;UTA;PHO;CLE G
23%
656 Roy Hibbert 15306 2009 2017 IND;LAL;CHO;DEN C
23%
305 Tom Heinsohn 24021 1957 1965 BOS F-C
23%
867 Tony Battie 12098 1998 2012 DEN;BOS;CLE;ORL;NJN;PHI C-F
23%
350 Vin Baker 22709 1994 2006 MIL;SEA;BOS;NYK;HOU;LAC F-C
23%
574 Brandon Jennings 16965 2010 2018 MIL;DET;ORL;NYK;WAS G
22%
955 DeMarre Carroll 10794 2010 2020 MEM;HOU;DEN;UTA;ATL;TOR;BRK;SAS F
22%
370 Doug Christie 22010 1993 2007 LAL;NYK;TOR;SAC;ORL;DAL;LAC G-F
22%
683 JaVale McGee 14728 2009 2024 WAS;DEN;PHI;DAL;GSW;LAL;CLE;PHO;SAC C
22%
351 Joe Barry Carroll 22652 1981 1991 GSW;HOU;NJN;DEN;PHO C-F
22%
294 Kiki Vandeweghe 24427 1981 1993 DEN;POR;NYK;LAC F
22%
184 Lou Hudson 29296 1967 1979 STL;ATL;LAL F-G
22%
982 Mike Sanders 10347 1983 1993 SAS;PHO;CLE;IND F-G
22%
89 Otis Thorpe 36412 1985 2001 KCK;SAC;HOU;POR;DET;VAN;WAS;MIA;CHH F-C
22%
72 Rod Strickland 38105 1989 2005 NYK;SAS;POR;WSB;WAS;MIA;MIN;ORL;TOR;HOU G
22%
438 Sean Elliott 20371 1990 2001 SAS;DET F
22%
491 Tom Sanders 18772 1961 1973 BOS F
22%
512 Tree Rollins 18390 1978 1995 ATL;CLE;DET;HOU;ORL C
22%
856 Collin Sexton 12182 2019 2025 CLE;UTA G
21%
306 Danny Manning 23923 1989 2003 LAC;ATL;PHO;MIL;UTA;DAL;DET F-C
21%
345 Eric Bledsoe 22883 2011 2022 LAC;PHO;MIL;NOP G
21%
968 Gerald Henderson Jr. 10494 2010 2017 CHA;CHO;POR;PHI G
21%
529 Gerald Henderson Sr. 17856 1980 1992 BOS;SEA;NYK;PHI;DET;MIL;HOU G
21%
326 Kirk Hinrich 23453 2004 2016 CHI;ATL;WAS G
21%
870 Lance Stephenson 12033 2011 2022 IND;CHO;LAC;MEM;MIN;NOP;LAL;ATL G-F
21%
877 Malik Monk 11873 2018 2025 CHO;LAL;SAC G
21%
490 Marcin Gortat 18792 2008 2019 ORL;PHO;WAS;LAC C-F
21%
472 Neil Johnston 19168 1952 1959 PHW C
21%
597 Tom Henderson 16531 1975 1983 ATL;WSB;HOU G
21%
448 Wesley Matthews 19875 2010 2024 UTA;POR;DAL;IND;NYK;MIL;LAL;ATL G
21%
700 Hassan Whiteside 14521 2011 2022 SAC;MIA;POR;UTA C
20%
379 Jamal Mashburn 21896 1994 2004 DAL;MIA;CHH;NOH F
20%
265 Kendall Gill 25340 1991 2005 CHH;SEA;NJN;MIA;MIN;CHI;MIL G
20%
150 Mookie Blaylock 31829 1990 2002 NJN;ATL;GSW G
20%
383 Bill Sharman 21793 1951 1961 WSC;BOS G
19%
156 Bob Dandridge 31460 1970 1982 MIL;WSB F-G
19%
770 Brendan Haywood 13487 2002 2015 WAS;DAL;CHA;CLE C
19%
310 Christian Laettner 23846 1993 2005 MIN;ATL;DET;DAL;WAS;MIA F-C
19%
769 Cliff Levingston 13501 1983 1995 DET;ATL;CHI;DEN F
19%
328 Elden Campbell 23397 1991 2005 LAL;CHH;NOH;SEA;DET;NJN C
19%
579 Jae Crowder 16853 2013 2025 DAL;BOS;CLE;UTA;MEM;MIA;PHO;MIL;SAC F
19%
382 Jerry Sloan 21823 1966 1976 BAL;CHI G-F
19%
576 J.J. Barea 16924 2007 2020 DAL;MIN G
19%
791 Joe Caldwell 13177 1965 1975 DET;STL;ATL F-G
19%
585 Leandro Barbosa 16678 2004 2017 PHO;TOR;IND;BOS;GSW G
19%
542 Luis Scola 17664 2008 2017 HOU;PHO;IND;TOR;BRK F
19%
943 Malik Beasley 10925 2017 2025 DEN;MIN;LAL;UTA;MIL;DET G
19%
800 Michael Beasley 13043 2009 2019 MIA;MIN;PHO;HOU;MIL;NYK;LAL F
19%
675 Shaun Livingston 14900 2005 2019 LAC;MIA;OKC;WAS;CHA;MIL;CLE;BRK;GSW G
19%
242 Spencer Haywood 26076 1970 1983 SEA;NYK;NOJ;LAL;WSB F-C
19%
795 Tony Campbell 13124 1985 1995 DET;LAL;MIN;NYK;DAL;CLE F-G
19%
609 Wally Szczerbiak 16317 2000 2009 MIN;BOS;CLE;SEA F
19%
553 Chris Ford 17461 1973 1982 DET;BOS G-F
18%
563 Chris Kaman 17180 2004 2016 LAC;NOH;DAL;LAL;POR C
18%
444 Danilo Gallinari 20103 2009 2024 NYK;DEN;LAC;OKC;ATL;DET;MIL;WAS F
18%
273 Dan Majerle 25128 1989 2002 PHO;CLE;MIA G-F
18%
459 Darren Collison 19536 2010 2022 NOH;IND;DAL;LAC;SAC;LAL G
18%
487 Darryl Dawkins 18857 1976 1989 PHI;NJN;DET;UTA C
18%
707 Johnny Dawkins 14360 1987 1995 SAS;PHI;DET G
18%
586 Johnny Moore 16671 1981 1990 SAS;NJN G
18%
478 Mason Plumlee 19008 2014 2025 BRK;POR;DEN;DET;CHO;LAC;PHO C-F
18%
743 Nick Collison 13830 2005 2018 SEA;OKC F
18%
742 Otto Moore 13839 1969 1977 DET;PHO;HOU;KCO;NOJ C-F
18%
762 Phil Ford 13586 1979 1985 KCK;MIL;NJN;HOU G
18%
239 Raymond Felton 26168 2006 2019 CHA;DEN;NYK;POR;DAL;LAC;OKC G
18%
84 Reggie Theus 37217 1979 1991 CHI;KCK;SAC;ATL;ORL;NJN G
18%
302 Rudy Tomjanovich 24113 1971 1981 SDR;HOU F
18%
470 Shane Battier 19207 2002 2014 MEM;HOU;MIA F
18%
859 T.J. Ford 12145 2004 2012 MIL;TOR;IND;SAS G
18%
241 Antonio McDyess 26147 1996 2011 DEN;PHO;NYK;DET;SAS F-C
17%
778 C.J. Miles 13334 2006 2022 UTA;CLE;IND;TOR;MEM;WAS;BOS G-F
17%
251 Dick Van Arsdale 25929 1966 1977 NYK;PHO G-F
17%
986 Donte DiVincenzo 10312 2019 2025 MIL;SAC;GSW;NYK;MIN G
17%
604 Earl Watson 16482 2002 2014 SEA;MEM;DEN;OKC;IND;UTA;POR G
17%
826 Eddie Miles 12596 1964 1972 DET;BAL;NYK G-F
17%
628 Emeka Okafor 15883 2005 2018 CHA;NOH;WAS;NOP C-F
17%
618 Evan Fournier 16117 2013 2024 DEN;ORL;BOS;NYK;DET G-F
17%
182 Guy Rodgers 29357 1959 1970 PHW;SFW;CHI;CIN;MIL G
17%
796 Jakob Poeltl 13114 2017 2025 TOR;SAS C
17%
976 Jeremy Lamb 10416 2013 2022 OKC;CHO;IND;SAC G-F
17%
692 Kelly Oubre Jr. 14621 2016 2025 WAS;PHO;GSW;CHO;PHI F
17%
757 Lorenzen Wright 13664 1997 2009 LAC;ATL;MEM;SAC;CLE F-C
17%
165 Norm Nixon 30335 1978 1989 LAL;SDC;LAC G
17%
271 Paul Westphal 25163 1973 1984 BOS;PHO;SEA;NYK G
17%
311 Purvis Short 23845 1979 1990 GSW;HOU;NJN F-G
17%
464 Rodney Rogers 19403 1994 2005 DEN;LAC;PHO;BOS;NJN;NOH;PHI F
17%
352 Tom Van Arsdale 22590 1966 1977 DET;CIN;KCO;PHI;ATL;PHO F-G
17%
589 Ty Lawson 16653 2010 2017 DEN;HOU;IND;SAC;WAS G
17%
498 Zaza Pachulia 18614 2004 2019 ORL;MIL;ATL;DAL;GSW;DET C
17%
825 Anderson Varejao 12601 2005 2021 CLE;GSW F-C
16%
387 Corey Maggette 21657 2000 2013 ORL;LAC;GSW;MIL;CHA;DET F
16%
429 George McGinnis 20506 1972 1982 PHI;DEN;IND F-C
16%
313 Larry Foust 23772 1951 1962 FTW;MNL;STL C-F
16%
678 Malcolm Brogdon 14874 2017 2025 MIL;IND;BOS;POR;WAS G
16%
545 Spencer Dinwiddie 17590 2015 2025 DET;BRK;DAL;WAS;LAL G
16%
363 Thurl Bailey 22288 1984 1999 UTA;MIN F-C
16%
654 Aaron McKie 15335 1995 2007 POR;DET;PHI;LAL G-F
15%
978 Alex Len 10390 2014 2025 PHO;ATL;SAC;TOR;WAS;LAL C
15%
307 Al Harrington 23890 1999 2014 IND;ATL;GSW;NYK;DEN;ORL;WAS F
15%
714 Bonzi Wells 14280 1999 2008 POR;MEM;SAC;HOU;NOH G-F
15%
238 Cliff Hagan 26235 1957 1970 STL F-G
15%
442 Darrell Griffith 20247 1981 1991 UTA G
15%
527 Derrick Favors 17879 2011 2022 NJN;UTA;NOP;OKC F-C
15%
375 Donyell Marshall 21950 1995 2009 GSW;MIN;UTA;CHI;TOR;CLE;SEA;PHI F
15%
246 Jack Twyman 25986 1956 1966 ROC;CIN F-G
15%
642 Jay Vincent 15521 1982 1990 DAL;WSB;DEN;SAS;LAL;PHI F
15%
289 Jeff Mullins 24587 1965 1976 STL;SFW;GSW G-F
15%
385 Jose Calderon 21733 2006 2019 TOR;DET;DAL;NYK;ATL;LAL;CLE G
15%
701 Kurt Rambis 14517 1982 1995 LAL;CHH;PHO;SAC F
15%
754 O.J. Mayo 13704 2009 2016 MEM;DAL;MIL G
15%
661 Patrick Beverley 15238 2013 2024 HOU;LAC;MIN;CHI;LAL;MIL;PHI G
15%
130 Paul Silas 33215 1965 1980 STL;ATL;PHO;BOS;DEN;SEA F-C
15%
500 Taj Gibson 18597 2010 2025 CHI;OKC;MIN;NYK;WAS;DET;CHO F-C
15%
331 Terrell Brandon 23236 1992 2002 CLE;MIL;MIN G
15%
129 Bailey Howell 33217 1960 1971 DET;BAL;BOS;PHI F
14%
804 Bob Davies 12982 1949 1955 ROC G-F
14%
907 Chris Dudley 11484 1988 2003 CLE;NJN;POR;NYK;PHO C
14%
258 Chuck Person 25759 1987 2000 IND;MIN;SAS;CHH;SEA F
14%
519 Craig Ehlo 18136 1984 1997 HOU;CLE;ATL;SEA G-F
14%
249 Dick Barnett 25935 1960 1974 SYR;LAL;NYK G-F
14%
468 Eric Snow 19291 1996 2008 SEA;PHI;CLE G
14%
765 Jared Dudley 13557 2008 2021 CHA;PHO;LAC;MIL;WAS;BRK;LAL F-G
14%
209 Jerome Kersey 27658 1985 2001 POR;GSW;LAL;SEA;SAS;MIL F
14%
623 Jim Barnett 15973 1967 1977 BOS;SDR;POR;GSW;NOJ;NYK;PHI G-F
14%
673 Joe Ingles 14939 2015 2025 UTA;MIL;ORL;MIN F-G
14%
753 John Salley 13711 1987 2000 DET;MIA;CHI;TOR;LAL F-C
14%
525 Kelly Olynyk 17972 2014 2025 BOS;MIA;HOU;DET;UTA;TOR;NOP C-F
14%
733 Kerry Kittles 13974 1997 2005 NJN;LAC G
14%
560 Mehmet Okur 17200 2003 2012 DET;UTA;NJN C-F
14%
771 Morris Peterson 13475 2001 2011 TOR;NOH;OKC F
14%
414 Otis Birdsong 21056 1978 1989 KCK;NJN;BOS G
14%
193 Richie Guerin 28607 1957 1970 NYK;STL;ATL G
14%
581 T.J. McConnell 16756 2016 2025 PHI;IND G
14%
711 Wesley Person 14318 1995 2005 PHO;CLE;MEM;ATL;POR;DEN;MIA G
14%
830 Andrea Bargnani 12557 2007 2016 TOR;NYK;BRK F-C
13%
668 Caris LeVert 15028 2017 2025 BRK;IND;CLE;ATL G-F
13%
415 Ed Macauley 20962 1950 1959 STB;BOS;STL C-F
13%
451 James Donaldson 19759 1981 1995 SEA;SDC;LAC;DAL;NYK;UTA C
13%
932 Joe Fulks 11194 1947 1954 PHW F-C
13%
288 John Drew 24643 1975 1985 ATL;UTA F-G
13%
922 Kenneth Faried 11313 2012 2019 DEN;BRK;HOU F-C
13%
532 Larry Drew 17836 1981 1991 DET;KCK;SAC;LAC;LAL G
13%
436 Larry Hughes 20427 1999 2012 PHI;GSW;WAS;CLE;CHI;NYK;CHA;ORL G
13%
690 Mahmoud Abdul-Rauf 14627 1991 2001 DEN;SAC;VAN G
13%
362 Orlando Woolridge 22347 1982 1994 CHI;NJN;LAL;DEN;DET;MIL;PHI F
13%
445 Rick Mahorn 19964 1981 1999 WSB;DET;PHI;NJN C-F
13%
214 Sleepy Floyd 27469 1983 1995 GSW;NJN;HOU;SAS G
13%
775 Terrence Ross 13367 2013 2023 TOR;ORL;PHO F-G
13%
554 Andy Phillip 17414 1948 1958 CHS;PHW;FTW;BOS G-F
12%
488 Clifford Ray 18844 1972 1981 CHI;GSW C
12%
453 D.J. Augustin 19743 2009 2022 CHA;IND;CHI;TOR;DET;OKC;DEN;ORL;HOU;MIL;LAL G
12%
516 Drew Gooden 18248 2003 2016 MEM;ORL;CLE;CHI;SAC;SAS;DAL;LAC;MIL;WAS F
12%
634 Isaiah Rider 15715 1994 2002 MIN;POR;ATL;LAL;DEN G
12%
410 Mike Dunleavy Jr. 21196 2003 2017 GSW;IND;MIL;CHI;ATL;CLE F-G
12%
279 Norm Van Lier 24883 1970 1979 CIN;CHI;MIL G
12%
430 Sherman Douglas 20493 1990 2001 MIA;BOS;MIL;NJN;LAC G
12%
260 Sidney Wicks 25569 1972 1981 POR;BOS;SDC F-C
12%
390 Tom Gugliotta 21585 1993 2005 WSB;GSW;MIN;PHO;UTA;ATL;BOS F
12%
635 Billy Owens 15699 1992 2001 GSW;MIA;SAC;SEA;PHI;DET F-G
11%
432 Brian Shaw 20487 1989 2003 BOS;MIA;ORL;GSW;PHI;POR;LAL G
11%
717 Calbert Cheaney 14206 1994 2006 WSB;WAS;BOS;DEN;UTA;GSW G-F
11%
667 Cedric Ceballos 15061 1991 2001 PHO;LAL;DAL;DET;MIA F
11%
664 Channing Frye 15125 2006 2019 NYK;POR;PHO;ORL;CLE;LAL C-F
11%
814 Charlie Ward 12799 1995 2005 NYK;SAS;HOU G
11%
267 David Wesley 25269 1994 2007 NJN;BOS;CHH;NOH;HOU;CLE G
11%
599 George Yardley 16527 1954 1960 FTW;DET;SYR F-G
11%
934 Greg Ostertag 11135 1996 2006 UTA;SAC C
11%
803 Jim Pollard 12985 1949 1955 MNL F-C
11%
434 Kelly Tripucka 20465 1982 1991 DET;UTA;CHH F-G
11%
918 Kevin Huerter 11371 2019 2025 ATL;SAC;CHI G
11%
681 Mario Elie 14797 1991 2001 GSW;PHI;POR;HOU;SAS;PHO G-F
11%
386 Nate McMillan 21657 1987 1998 SEA G-F
11%
452 Rony Seikaly 19748 1989 1999 MIA;GSW;ORL;NJN C
11%
565 Samuel Dalembert 17140 2002 2015 PHI;SAC;HOU;MIL;DAL;NYK C
11%
603 Scott Skiles 16485 1987 1996 MIL;IND;ORL;WSB;PHI G
11%
523 Terry Tyler 18006 1979 1989 DET;SAC;DAL F-G
11%
715 Theo Ratliff 14239 1996 2011 DET;PHI;ATL;POR;BOS;MIN;CHA;SAS;LAL C-F
11%
936 Tom McMillen 11071 1976 1986 BUF;NYK;ATL;WSB F-C
11%
914 Tom Owens 11407 1972 1983 HOU;POR;IND;DET C-F
11%
663 T.R. Dunn 15132 1978 1991 POR;DEN;PHO G-F
11%
412 Vern Mikkelsen 21063 1950 1959 MNL F-C
11%
450 Brian Winters 19762 1975 1983 LAL;MIL G-F
10%
945 Chandler Parsons 10915 2012 2020 HOU;DAL;MEM;ATL F
10%
354 Clyde Lovellette 22502 1954 1964 MNL;CIN;STL;BOS C-F
10%
972 Dario Saric 10465 2017 2025 PHI;MIN;PHO;OKC;GSW;DEN F-C
10%
323 Derrick McKey 23483 1988 2002 SEA;IND;PHI F-C
10%
912 DeShawn Stevenson 11419 2001 2013 UTA;ORL;WAS;DAL;NJN;ATL G
10%
648 Geoff Petrie 15397 1971 1976 POR G
10%
389 Jay Humphries 21595 1985 1995 PHO;MIL;UTA;BOS G
10%
878 Jeff Foster 11843 2000 2012 IND F-C
10%
427 Johnny Newman 20619 1987 2002 CLE;NYK;CHH;NJN;MIL;DEN;DAL F-G
10%
657 Kevin Duckworth 15281 1987 1997 POR;SAS;WSB;MIL;LAC C
10%
884 Kris Humphries 11729 2005 2017 UTA;TOR;DAL;NJN;BRK;BOS;WAS;ATL;PHO F-C
10%
924 Montrezl Harrell 11280 2016 2023 HOU;LAC;LAL;CHO;WAS;PHI F-C
10%
792 Nazr Mohammed 13152 1999 2016 PHI;ATL;NYK;SAS;DET;CHA;OKC;CHI C
10%
626 Rodney Stuckey 15935 2008 2017 DET;IND G
10%
788 Ruben Patterson 13200 1999 2008 LAL;SEA;POR;DEN;MIL;LAC F
10%
403 Wayman Tisdale 21378 1986 1997 IND;SAC;PHO F-C
10%
474 Calvin Natt 19098 1980 1990 NJN;POR;DEN;SAS;IND F
9%
380 Clarence Weatherspoon 21882 1993 2005 PHI;GSW;MIA;CLE;NYK;HOU F
9%
748 Corey Brewer 13745 2008 2020 MIN;DAL;DEN;HOU;LAL;OKC;PHI;SAC F-G
9%
572 Enes Freedom 17014 2012 2022 UTA;OKC;NYK;POR;BOS C
9%
461 Harry Gallatin 19503 1949 1958 NYK;DET F-C
9%
852 Jim Brewer 12213 1974 1982 CLE;DET;POR;LAL F-C
9%
424 Junior Bridgeman 20675 1976 1987 MIL;LAC F-G
9%
703 Marco Belinelli 14448 2008 2020 GSW;TOR;NOH;CHI;SAS;SAC;CHO;ATL;PHI G-F
9%
526 Mike Woodson 17960 1981 1991 NYK;KCK;NJN;SAC;LAC;HOU;CLE G-F
9%
979 Patrick Patterson 10370 2011 2021 HOU;SAC;TOR;OKC;LAC F
9%
570 Rafer Alston 17061 2000 2010 MIL;TOR;MIA;HOU;ORL;NJN G
9%
973 Randy Breuer 10464 1984 1994 MIL;MIN;ATL;SAC C
9%
807 Thabo Sefolosha 12959 2007 2020 CHI;OKC;ATL;UTA;HOU G-F
9%
649 Vinny Del Negro 15390 1989 2002 SAC;SAS;MIL;GSW;PHO G
9%
651 Will Barton 15359 2013 2023 POR;DEN;TOR;WAS G
9%
492 Zelmo Beaty 18771 1963 1975 STL;ATL;LAL C
9%
670 Andrew Toney 15015 1981 1988 PHI G
8%
449 Benoit Benjamin 19832 1986 2000 LAC;SEA;LAL;NJN;MIL;VAN;TOR;PHI;CLE C
8%
832 Bismack Biyombo 12518 2012 2025 CHA;CHO;TOR;ORL;PHO;MEM;OKC;SAS C-F
8%
562 Dana Barros 17189 1990 2004 SEA;PHI;BOS;DET G
8%
283 Dan Roundfield 24781 1976 1987 IND;ATL;DET;WSB F-C
8%
779 Darwin Cook 13331 1981 1989 NJN;WSB;DEN;SAS G
8%
463 Don Ohl 19414 1961 1970 DET;BAL;STL;ATL G
8%
506 Erick Dampier 18465 1997 2012 IND;GSW;DAL;MIA;ATL C
8%
312 Happy Hairston 23812 1965 1975 CIN;DET;LAL F
8%
365 Jack Marin 22076 1967 1977 BAL;HOU;BUF;CHI F-G
8%
894 Jamaal Magloire 11598 2001 2012 CHH;NOH;MIL;POR;DAL;NJN;MIA;TOR C
8%
580 John Bagley 16837 1983 1994 CLE;NJN;BOS;ATL G
8%
499 Lionel Hollins 18598 1976 1985 POR;PHI;SDC;DET;HOU G
8%
625 Rex Chapman 15968 1989 2000 CHH;WSB;MIA;PHO G
8%
895 Royce O'Neale 11594 2018 2025 UTA;BRK;PHO F
8%
303 Rudy LaRusso 24066 1960 1969 MNL;LAL;SFW F-C
8%
162 Sam Lacey 30606 1971 1983 CIN;KCO;KCK;NJN;CLE C
8%
428 Tom Gola 20593 1956 1966 PHW;NYK;SFW G-F
8%
329 Vern Fleming 23381 1985 1996 IND;NJN G
8%
398 Wayne Embry 21454 1959 1969 CIN;BOS;MIL C-F
8%
659 Alec Burks 15266 2012 2025 UTA;CLE;SAC;GSW;PHI;NYK;DET;MIA G
7%
774 Al-Farouq Aminu 13388 2011 2021 LAC;NOH;NOP;DAL;POR;ORL;CHI F
7%
337 Armen Gilliam 23088 1988 2000 PHO;CHH;PHI;NJN;MIL;UTA F-C
7%
611 Arnie Risen 16283 1949 1958 ROC;BOS C-F
7%
731 Arron Afflalo 13998 2008 2018 DET;DEN;ORL;POR;NYK;SAC G-F
7%
737 Chucky Atkins 13916 2000 2010 ORL;DET;BOS;LAL;MEM;WAS;DEN;OKC G
7%
834 Curtis Perry 12425 1971 1978 SDR;HOU;MIL;PHO F
7%
600 Ersan Ilyasova 16527 2007 2021 MIL;DET;ORL;ATL;OKC;PHI;UTA F
7%
613 Frank Ramsey 16183 1955 1964 BOS F-G
7%
842 Jeff Ruland 12298 1982 1993 WSB;PHI;DET C-F
7%
578 Larry Kenon 16855 1974 1983 SAS;CHI;CLE;GSW F
7%
368 Mike Gminski 22058 1981 1994 NJN;PHI;CHH;MIL C
7%
521 Phil Chenier 18063 1972 1981 BAL;CAP;WSB;IND;GSW G
7%
366 Ricky Sobers 22065 1976 1986 PHO;IND;CHI;WSB;SEA G
7%
735 Robert Covington 13952 2014 2024 HOU;PHI;MIN;POR;LAC F-C
7%
858 Robert Pack 12152 1992 2004 POR;DEN;WSB;DAL;NJN;MIN;NOH G
7%
353 Scott Wedman 22547 1975 1987 KCO;KCK;CLE;BOS F-G
7%
419 Sedale Threatt 20837 1984 1997 PHI;CHI;SEA;LAL;HOU G
7%
638 Steve Blake 15665 2004 2016 WAS;POR;DEN;MIL;LAC;LAL;GSW;DET G
7%
764 Bobby Wanzer 13571 1949 1957 ROC G
6%
903 Bob Ferry 11545 1960 1969 STL;DET;BAL C-F
6%
789 Butch Beard 13199 1970 1979 ATL;CLE;SEA;GSW;NYK G
6%
802 Chris Gatling 12989 1992 2002 GSW;MIA;DAL;NJN;MIL;DEN;ORL;CLE F-C
6%
838 Craig Hodges 12346 1983 1992 SDC;MIL;PHO;CHI G
6%
827 Danny Ferry 12577 1991 2003 CLE;SAS F
6%
497 Dick McGuire 18620 1950 1960 NYK;DET G
6%
473 Gene Shue 19105 1955 1964 NYK;PHW;FTW;DET;BAL G
6%
431 Greg Ballard 20490 1978 1989 WSB;GSW;SEA F
6%
684 Jamaal Tinsley 14720 2002 2014 IND;MEM;UTA G
6%
595 James Posey 16560 2000 2011 DEN;HOU;MEM;MIA;BOS;NOH;IND F-G
6%
547 Jim McMillian 17572 1971 1979 LAL;BUF;NYK;POR F
6%
582 Jon McGlocklin 16735 1966 1976 CIN;SDR;MIL G-F
6%
917 Kent Bazemore 11375 2013 2022 GSW;LAL;ATL;POR;SAC G-F
6%
509 Luke Ridnour 18416 2004 2015 SEA;MIL;MIN;CHA;ORL G
6%
848 Max Zaslofsky 12262 1947 1956 CHS;NYK;BLB;FTW;MLH G-F
6%
336 Mike Newlin 23122 1972 1982 HOU;NJN;NYK G-F
6%
392 Paul Pressey 21519 1983 1993 MIL;SAS;GSW G-F
6%
790 Sam Bowie 13187 1985 1995 POR;NJN;LAL C-F
6%
596 Stacey Augmon 16532 1992 2006 ATL;DET;POR;CHH;NOH;ORL F-G
6%
544 Steve Mix 17599 1970 1983 DET;PHI;LAL;MIL F
6%
437 Tom Meschery 20400 1962 1971 PHW;SFW;SEA F
6%
394 Tyrone Corbin 21506 1986 2001 SAS;CLE;PHO;MIN;UTA;ATL;MIA;SAC;TOR G-F
6%
454 Walt Hazzard 19713 1965 1974 LAL;SEA;ATL;BUF;GSW G
6%
433 Willie Naulls 20465 1957 1966 NYK;STL;SFW;BOS F-C
6%
902 Bob Rule 11550 1968 1975 SEA;PHI;CLE;MIL C-F
5%
622 Clem Haskins 16031 1968 1976 CHI;PHO;WSB G
5%
682 Cory Joseph 14731 2012 2025 SAS;TOR;IND;SAC;DET;GSW;ORL G
5%
693 Darnell Valentine 14607 1982 1991 POR;LAC;CLE G
5%
522 Dave Corzine 18010 1979 1991 WSB;SAS;CHI;ORL;SEA C
5%
755 Don Buse 13700 1973 1985 IND;PHO;POR;KCK G
5%
960 Earl Lloyd 10687 1951 1960 WSC;SYR;DET F-C
5%
941 Jack Nichols 10954 1949 1958 WSC;TRI;MLH;BOS C-F
5%
975 Jerryd Bayless 10427 2009 2019 POR;NOH;TOR;MEM;BOS;MIL;PHI;MIN G
5%
950 Jon Koncak 10858 1986 1996 ATL;ORL C-F
5%
592 Ken Norman 16638 1988 1997 LAC;MIL;ATL F
5%
480 Larry Costello 18956 1955 1968 PHW;SYR;PHI G
5%
376 Rodney McCray 21931 1984 1993 HOU;SAC;DAL;CHI F-G
5%
666 Terry Dischinger 15063 1963 1973 CHZ;BAL;DET;POR F-G
5%
787 Travis Best 13201 1996 2005 IND;CHI;MIA;DAL;NJN G
5%
556 Alton Lister 17390 1982 1998 MIL;SEA;GSW;BOS;POR C-F
4%
890 Andray Blatche 11626 2006 2014 WAS;BRK F
4%
965 Andrew Lang 10638 1989 2000 PHO;PHI;ATL;MIN;MIL;CHI;NYK C
4%
631 Anthony Peeler 15843 1993 2005 LAL;VAN;MIN;SAC;WAS G
4%
783 Billy Paultz 13243 1971 1985 SAS;HOU;ATL;UTA C-F
4%
819 Bob Kauffman 12692 1969 1975 SEA;CHI;BUF;ATL F-C
4%
695 Bo Outlaw 14582 1994 2008 LAC;ORL;PHO;MEM F
4%
808 Brandon Bass 12918 2006 2017 NOK;DAL;ORL;BOS;LAL;LAC F
4%
887 Charlie Villanueva 11667 2006 2016 TOR;MIL;DET;DAL F
4%
847 Chris Childs 12263 1995 2003 NJN;NYK;TOR G
4%
637 Darrall Imhoff 15666 1961 1972 NYK;DET;LAL;PHI;CIN;POR C
4%
891 Earl Boykins 11624 1999 2012 CLE;NJN;ORL;LAC;GSW;DEN;MIL;CHA;WAS;HOU G
4%
677 Frank Brickowski 14874 1985 1997 SEA;LAL;SAS;MIL;CHH;BOS F-C
4%
739 Herm Gilliam 13893 1970 1977 CIN;BUF;ATL;SEA;POR G-F
4%
587 Jim Chones 16665 1973 1982 CLE;LAL;WSB C-F
4%
736 Kent Benson 13937 1978 1988 MIL;DET;UTA;CLE C
4%
440 Kevin Loughery 20306 1963 1973 DET;BAL;PHI G
4%
539 Lonnie Shelton 17735 1977 1986 NYK;SEA;CLE F-C
4%
969 Marreese Speights 10490 2009 2018 PHI;MEM;CLE;GSW;LAC;ORL C-F
4%
881 Marvin Webster 11800 1976 1987 DEN;SEA;NYK;MIL C
4%
841 Mel Hutchins 12326 1952 1958 MLH;FTW;NYK F-C
4%
738 Nat Clifton 13902 1951 1958 NYK;DET C-F
4%
501 Olden Polynice 18548 1988 2004 SEA;LAC;DET;SAC;UTA C-F
4%
863 Raef LaFrentz 12133 1999 2008 DEN;DAL;BOS;POR F-C
4%
643 Ramon Sessions 15512 2008 2018 MIL;MIN;CLE;LAL;CHA;SAC;WAS;CHO;NYK G
4%
691 Randy Foye 14626 2007 2017 MIN;WAS;LAC;UTA;DEN;OKC;BRK G
4%
849 Slick Watts 12260 1974 1979 SEA;NOJ;HOU G
4%
751 Spencer Hawes 13718 2008 2017 SAC;PHI;CLE;LAC;CHO;MIL C-F
4%
729 Steve Hawes 14032 1975 1984 HOU;POR;ATL;SEA C-F
4%
971 Will Perdue 10470 1989 2001 CHI;SAS;POR C
4%
680 Al Attles 14808 1961 1971 PHW;SFW G
3%
645 Beno Udrih 15463 2005 2017 SAS;SAC;MIL;ORL;MEM;NYK;MIA;DET G
3%
617 Bimbo Coles 16118 1991 2004 MIA;GSW;ATL;CLE;BOS G
3%
997 Bobby Phills 10215 1992 2000 CLE;CHH G
3%
724 Curtis Rowe 14094 1972 1979 DET;BOS F
3%
447 Dave Greenwood 19890 1980 1991 CHI;SAS;DEN;DET F-C
3%
418 Dick Snyder 20877 1967 1979 STL;PHO;SEA;CLE G-F
3%
716 Don Chaney 14218 1969 1980 BOS;LAL G
3%
564 Don Kojis 17149 1964 1975 BAL;DET;CHI;SDR;SEA;KCO F
3%
828 Frank Selvy 12569 1955 1964 BLB;MLH;STL;MNL;NYK;SYR;LAL G-F
3%
987 Fred Scolari 10310 1947 1955 WSC;SYR;BLB;FTW;BOS G
3%
517 Gar Heard 18217 1971 1981 SEA;CHI;BUF;PHO;SDC F
3%
879 Gene Banks 11813 1982 1987 SAS;CHI F-G
3%
777 George Lynch 13353 1994 2005 LAL;VAN;PHI;CHH;NOH F
3%
995 J.J. Hickson 10251 2009 2016 CLE;POR;SAC;DEN;WAS F-C
3%
475 Joe Graboski 19089 1949 1962 CHS;INO;PHW;CHP;STL;SYR F-C
3%
583 John Salmons 16713 2003 2015 PHI;SAC;CHI;MIL;TOR;NOP G-F
3%
588 Keith Erickson 16654 1966 1977 SFW;CHI;LAL;PHO F-G
3%
781 Kenny Sears 13275 1956 1964 NYK;SFW F
3%
793 Kevin Grevey 13146 1976 1985 WSB;MIL G-F
3%
816 Lester Conner 12761 1983 1995 GSW;HOU;NJN;MIL;LAC;IND;LAL G
3%
726 Loy Vaught 14080 1991 2001 LAC;DET;DAL;WAS F
3%
393 Michael Cage 21507 1985 2000 LAC;SEA;CLE;PHI;NJN F-C
3%
767 Paul Seymour 13540 1948 1960 BLB;SYR G-F
3%
880 Quintin Dailey 11804 1983 1992 CHI;LAC;SEA G
3%
786 Rasho Nesterovic 13208 1999 2010 MIN;SAS;TOR;IND C
3%
720 Ray Felix 14189 1954 1962 BLB;NYK;MNL;LAL C
3%
514 Rich Kelley 18282 1976 1986 NOJ;NJN;PHO;DEN;UTA;SAC C-F
3%
752 Rod Higgins 13717 1983 1995 CHI;NJN;SAS;SEA;GSW;SAC;CLE F
3%
798 Roy Hinson 13080 1984 1991 CLE;PHI;NJN F-C
3%
749 Swen Nater 13735 1974 1984 MIL;BUF;SDC;LAL C
3%
647 Tom Boerwinkle 15444 1969 1978 CHI C
3%
721 Walter Dukes 14185 1956 1963 NYK;MNL;DET C
3%
598 Allen Leavell 16529 1980 1989 HOU G
2%
911 Bob Gross 11419 1976 1983 POR;SDC F-G
2%
746 Bob Sura 13770 1996 2005 CLE;GSW;ATL;DET;HOU G
2%
705 Bob Weiss 14428 1966 1977 PHI;SEA;CHI;MIL;BUF;WSB G
2%
756 Howard Eisley 13664 1995 2006 MIN;SAS;UTA;DAL;NYK;PHO;DEN;LAC G
2%
868 Jeff McInnis 12070 1997 2008 DEN;WAS;LAC;POR;CLE;NJN;CHA G
2%
797 John Block 13086 1967 1976 LAL;SDR;MIL;KCO;PHI;CHI;NOJ F-C
2%
921 Kevin Gamble 11338 1988 1997 POR;BOS;MIA;SAC F-G
2%
810 Larry Siegfried 12902 1964 1972 BOS;SDR;ATL;HOU F
2%
718 Matt Harpring 14195 1999 2009 ORL;CLE;PHI;UTA F
2%
784 Phil Hubbard 13239 1980 1989 DET;CLE F-C
2%
607 Quinn Buckner 16409 1977 1986 MIL;BOS;IND G
2%
853 Red Rocha 12202 1948 1957 STB;BLB;SYR;FTW C-F
2%
938 Al Bianchi 11041 1957 1966 SYR;PHI G
1%
766 Bill Hanzlik 13554 1981 1990 SEA;DEN G-F
1%
980 Blair Rasmussen 10365 1986 1993 DEN;ATL C
1%
818 Bob Wilkerson 12706 1977 1983 SEA;DEN;CHI;CLE G-F
1%
920 Bryant Stith 11341 1993 2002 DEN;BOS;CLE G
1%
904 Chris Duhon 11542 2005 2013 CHI;NYK;ORL;LAL G
1%
835 Chuck Share 12385 1952 1960 FTW;MLH;STL;MNL C
1%
734 Dave Gambee 13967 1959 1970 STL;CIN;SYR;PHI;SDR;DET;MIL;SFW F
1%
839 Eric Murdock 12331 1992 2000 UTA;MIL;VAN;DEN;MIA;NJN;LAC G
1%
974 Geoff Huston 10445 1980 1987 NYK;CLE;DAL;GSW;LAC G
1%
740 George McCloud 13852 1990 2002 IND;DAL;LAL;PHO;DEN G-F
1%
646 Howard Komives 15448 1965 1974 NYK;DET;BUF;KCO G
1%
967 Jack McMahon 10533 1953 1960 ROC;STL G
1%
761 Jim Cleamons 13611 1972 1980 LAL;CLE;NYK;WSB G
1%
952 Joe Kleine 10834 1986 2000 SAC;BOS;PHO;LAL;NJN;CHI;POR C
1%
883 Johnny Egan 11771 1962 1972 DET;NYK;BAL;LAL;CLE;SDR;HOU G
1%
871 Kelvin Ransey 12018 1981 1986 POR;DAL;NJN G
1%
996 Keyon Dooling 10249 2001 2013 LAC;MIA;ORL;NJN;MIL;BOS;MEM G
1%
906 Larry Steele 11525 1972 1980 POR G-F
1%
993 Louis Orr 10259 1981 1988 IND;NYK F
1%
481 Mark Olberding 18929 1976 1987 SAS;CHI;KCK;SAC F
1%
953 Matt Guokas 10814 1967 1976 PHI;CHI;CIN;KCO;BUF;HOU;KCK G-F
1%
672 Mel Counts 15002 1965 1976 BOS;BAL;LAL;PHO;PHI;NOJ C-F
1%
533 Mike Bantom 17823 1974 1982 PHO;SEA;NYN;IND;PHI F-C
1%
831 Mike Riordan 12536 1969 1977 NYK;BAL;CAP;WSB G-F
1%
469 Rory Sparrow 19284 1981 1992 NJN;ATL;NYK;CHI;MIA;SAC;LAL G
1%
929 Steve Stipanovich 11221 1984 1988 IND C
1%
799 Terry Teagle 13057 1983 1993 HOU;DET;GSW;LAL F-G
1%
865 Vladimir Radmanovic 12114 2002 2013 SEA;LAC;LAL;CHA;GSW;ATL;CHI F
1%
989 Woody Sauldsberry 10290 1958 1966 PHW;STL;CHP;CHZ;BOS F-C
1%
983 Zaid Abdul-Aziz 10343 1969 1978 CIN;MIL;SEA;HOU;BUF;BOS C-F
1%
820 Allan Bristow 12691 1974 1983 PHI;SAS;UTA;DAL F-G
0%
893 Ben Poquette 11606 1978 1987 DET;UTA;CLE;CHI F-C
0%
963 Bill Robinzine 10676 1976 1982 KCK;CLE;DAL;UTA F
0%
901 Bucky Bockhorn 11553 1959 1965 CIN G
0%
713 Connie Dierking 14285 1959 1971 SYR;PHI;SFW;CIN C-F
0%
951 Dennis Awtrey 10856 1971 1982 PHI;CHI;PHO;BOS;SEA;POR C
0%
854 Ed Pinckney 12195 1986 1997 PHO;SAC;BOS;MIL;PHI;TOR;MIA F
0%
977 Eric Money 10411 1975 1980 DET;NJN;PHI G
0%
933 Ernie Grunfeld 11147 1978 1986 MIL;KCK;NYK G-F
0%
889 Joe Meriweather 11639 1976 1985 HOU;ATL;NOJ;NYK;KCK C-F
0%
994 John Gianelli 10257 1973 1980 NYK;BUF;MIL;UTA C-F
0%
958 John Mengelt 10728 1972 1981 CIN;DET;KCO;CHI;GSW G
0%
947 John Tresvant 10884 1965 1973 STL;DET;CIN;SEA;LAL;BAL F-C
0%
905 Kevin Kunnert 11539 1974 1982 BUF;HOU;SDC;POR C-F
0%
833 Kyle Macy 12450 1981 1987 PHO;CHI;IND G
0%
861 Stu Lantz 12138 1969 1976 SDR;HOU;DET;LAL;NOJ G
0%
908 Terry Catledge 11454 1986 1993 PHI;WSB;ORL F
0%
No matching quizzes found
Score Distribution
Percent of People with Each Score
Percentile by Number Answered
Your Score History
You have not taken this quiz since the last reset